[Event "Sydney op-A"]
[Site "Parramatta"]
[Date "2013.04.05"]
[Round "5"]
[White "Davis, Tony J"]
[Black "Setiawan, Akwie"]
[Result "0-1"]
[WhiteElo "1922"]
[BlackElo "2160"]
[PlyCount "44"]
[EventDate "2013.04.03"]
[EventType "swiss"]
[EventRounds "9"]
[EventCountry "AUS"]
[SourceTitle "EXT 2023"]
[Source "ChessBase"]
[SourceDate "2022.10.05"]
[SourceVersion "1"]
[SourceVersionDate "2022.10.05"]
[SourceQuality "1"]

1. Nf3 Nf6 2. e3 g6 3. c4 Bg7 4. Nc3 c6 5. d4 d5 6. Qb3 0-0 7. Bd3 b6 8. Ne5 Bb7 9. 0-0 Nbd7 10. f4 e6 11. Bd2 c5 12. Rac1 cxd4 13. exd4 Nxe5 14. fxe5 dxc4 15. Qxc4 Rc8 16. Qa4 Ng4 17. Be4 b5 18. Qxa7 Rxc3 19. Bxb7 Qh4 20. Rfd1 Qf2+ 21. Kh1 Rh3 22. gxh3 Qxh2# 0-1

[Event "Sydney op-A"]
[Site "Parramatta"]
[Date "2013.04.04"]
[Round "3"]
[White "Stany, George Anthony"]
[Black "Setiawan, Akwie"]
[Result "1-0"]
[WhiteElo "2432"]
[BlackElo "2160"]
[PlyCount "58"]
[EventDate "2013.04.03"]
[EventType "swiss"]
[EventRounds "9"]
[EventCountry "AUS"]
[SourceTitle "EXT 2023"]
[Source "ChessBase"]
[SourceDate "2022.10.05"]
[SourceVersion "1"]
[SourceVersionDate "2022.10.05"]
[SourceQuality "1"]

1. e4 e6 2. d4 d5 3. e5 c5 4. c3 Nc6 5. Nf3 Qb6 6. a3 Bd7 7. b4 cxd4 8. cxd4 Rc8 9. Bb2 Na5 10. Nbd2 Nc4 11. Nxc4 dxc4 12. Rc1 Qa6 13. d5 exd5 14. Qxd5 Be6 15. Qe4 Ne7 16. Be2 Bd5 17. Qe3 Nf5 18. Qf4 Qe6 19. Ng5 Qg6 20. Bxc4 Bxc4 21. Rxc4 Rd8 22. 0-0 Be7 23. Nf3 Rd7 24. e6 Qxe6 25. Re4 Qb3 26. Qxf5 Qxb2 27. Ne5 Rc7 28. Qxf7+ Kd8 29. Qxg7 Re8 1-0

[Event "Sydney op-A"]
[Site "Parramatta"]
[Date "2009.04.19"]
[Round "9"]
[White "Bennett, Hilton Petrie"]
[Black "Setiawan, Akwie"]
[Result "1-0"]
[WhiteElo "2028"]
[BlackElo "2185"]
[PlyCount "119"]
[EventDate "2009.04.15"]
[EventType "swiss"]
[EventRounds "9"]
[EventCountry "AUS"]
[SourceTitle "CBM 129 Extra"]
[Source "ChessBase"]
[SourceDate "2009.05.05"]
[SourceVersion "2"]
[SourceVersionDate "2009.05.20"]
[SourceQuality "1"]

1. e4 d5 2. exd5 Nf6 3. d4 Nxd5 4. c4 Nb6 5. Nf3 c5 6. Be3 cxd4 7. Qxd4 Qxd4 8. Nxd4 e5 9. Nb5 Na6 10. Nxa7 Rxa7 11. Bxb6 Ra8 12. Nc3 Nb4 13. 0-0-0 Bg4 14. f3 Bf5 15. a3 Be7 16. h4 Nc6 17. g4 Be6 18. Nd5 Rc8 19. Nc7+ Rxc7 20. Bxc7 f6 21. Bb6 Kf7 22. Be2 Rc8 23. Kb1 Nb8 24. Rc1 Nd7 25. Be3 Ra8 26. c5 Nb8 27. Bc4 Nc6 28. Bxe6+ Kxe6 29. Rhd1 Ra4 30. Ka2 Ra5 31. Rc4 Ra8 32. b4 Na7 33. Kb3 Nc6 34. f4 g6 35. f5+ gxf5 36. gxf5+ Kxf5 37. Rd7 Rb8 38. a4 Ke6 39. Rc7 h5 40. a5 f5 41. a6 Nd8 42. axb7 Nxb7 43. Rc6+ Kd5 44. Rb6 Bd8 45. Rxb7 Rxb7 46. c6 Rg7 47. Bg5 Bb6 48. Rc2 f4 49. Ka4 f3 50. Kb5 Bc7 51. Rd2+ Ke6 52. Kc5 e4 53. b5 Rxg5+ 54. hxg5 e3 55. Rd3 Bb6+ 56. Kxb6 e2 57. Re3+ Kd5 58. c7 f2 59. c8Q e1Q 60. Qc5# 1-0

[Event "Sydney op-A"]
[Site "Parramatta"]
[Date "2009.04.18"]
[Round "7"]
[White "McNamara, Gary John"]
[Black "Setiawan, Akwie"]
[Result "1-0"]
[WhiteElo "2114"]
[BlackElo "2185"]
[PlyCount "77"]
[EventDate "2009.04.15"]
[EventType "swiss"]
[EventRounds "9"]
[EventCountry "AUS"]
[SourceTitle "CBM 129 Extra"]
[Source "ChessBase"]
[SourceDate "2009.05.05"]
[SourceVersion "2"]
[SourceVersionDate "2009.05.20"]
[SourceQuality "1"]

1. e4 e6 2. d4 d5 3. Nc3 dxe4 4. Nxe4 Be7 5. Nf3 Nf6 6. Bd3 b6 7. 0-0 Bb7 8. Qe2 0-0 9. b3 Nbd7 10. Bb2 Nd5 11. c4 Nf4 12. Qd2 Nxd3 13. Qxd3 Nf6 14. Ng3 Qd6 15. Rad1 Rad8 16. Qe2 Qf4 17. d5 Bd6 18. Bc1 Qg4 19. h3 Qg6 20. Nh4 exd5 21. Nxg6 hxg6 22. cxd5 Nxd5 23. Qb2 Bb4 24. Bd2 Bc5 25. Ne4 Be7 26. a3 a5 27. Rfe1 f5 28. Nc3 Bf6 29. Qc2 Rd7 30. Nxd5 Bxd5 31. Bc3 Bd8 32. b4 c6 33. bxa5 bxa5 34. Bd4 Rb7 35. Rb1 Rd7 36. Bc5 Rff7 37. Re8+ Kh7 38. Rb8 Be4 39. Qc1 1-0

[Event "Sydney op-A"]
[Site "Parramatta"]
[Date "2008.03.26"]
[Round "2"]
[White "Dick, David W"]
[Black "Setiawan, Akwie"]
[Result "0-1"]
[WhiteElo "1953"]
[BlackElo "2207"]
[PlyCount "86"]
[EventDate "2008.03.25"]
[EventType "swiss"]
[EventRounds "9"]
[EventCountry "AUS"]
[SourceTitle "EXT 2023"]
[Source "ChessBase"]
[SourceDate "2022.10.05"]
[SourceVersion "1"]
[SourceVersionDate "2022.10.05"]
[SourceQuality "1"]

1. e4 e6 2. d4 d5 3. Nc3 Nc6 4. Nf3 Bb4 5. Bd2 Bxc3 6. Bxc3 dxe4 7. d5 exf3 8. Qxf3 Qxd5 9. Qxd5 exd5 10. Bxg7 f6 11. Bxh8 Ne5 12. Be2 Be6 13. 0-0-0 Kf7 14. f4 Ng6 15. f5 Bxf5 16. Rxd5 Be6 17. Rh5 h6 18. Bxf6 Nxf6 19. Rc5 c6 20. Rf1 Kg7 21. Bf3 Nd5 22. Be4 Nge7 23. c4 Nc7 24. b3 Rd8 25. Rf3 Rd4 26. Re5 Ng8 27. Rg3+ Kf6 28. Rxe6+ Nxe6 29. Bc2 Ne7 30. Rh3 Kg7 31. Rg3+ Kf8 32. Rh3 Nf4 33. Rxh6 Nxg2 34. Rh8+ Kf7 35. Kb2 Rh4 36. Rb8 Rxh2 37. Kc3 Ne3 38. Be4 Nd1+ 39. Kb4 b6 40. Bf3 c5+ 41. Ka3 Nc3 42. b4 Nb1+ 43. Ka4 Rxa2+ 0-1

[Event "Queenstown op"]
[Site "Queenstown"]
[Date "2006.01.20"]
[Round "6"]
[White "Setiawan, Akwie"]
[Black "Bjelobrk, Igor"]
[Result "0-1"]
[WhiteElo "2226"]
[BlackElo "2399"]
[PlyCount "100"]
[EventDate "2006.01.15"]
[EventType "swiss"]
[EventRounds "10"]
[EventCountry "NZL"]
[SourceTitle "CBM 110 Extra"]
[Source "ChessBase"]
[SourceDate "2006.03.10"]
[SourceVersion "2"]
[SourceVersionDate "2006.03.10"]
[SourceQuality "1"]

1. c4 e6 2. Nc3 d5 3. d4 Nf6 4. Nf3 Nbd7 5. e3 Be7 6. Be2 dxc4 7. Bxc4 c5 8. 0-0 0-0 9. b3 cxd4 10. exd4 Nb6 11. Bd3 Bd7 12. Ne5 Rc8 13. Bb2 Bc6 14. Nxc6 bxc6 15. Rc1 Nbd5 16. Ne4 Nxe4 17. Bxe4 Qb6 18. Qf3 Rfd8 19. Rc4 g6 20. g3 Bf8 21. a3 a5 22. Rfc1 Rd7 23. Rb1 Bg7 24. h4 Rb8 25. Bc2 Rbd8 26. h5 Ne7 27. hxg6 hxg6 28. Rd1 Rd6 29. Kg2 Nf5 30. Bxf5 exf5 31. Rdc1 Rb8 32. b4 axb4 33. axb4 Rbd8 34. Rd1 Qb5 35. Rc5 Qxb4 36. Bc3 Qb7 37. Qf4 Rd5 38. Qh4 Qd7 39. Rc4 f4 40. g4 g5 41. Qh3 Rd6 42. Qf3 f5 43. gxf5 Qxf5 44. Rc5 Rd5 45. Rxc6 g4 46. Qd3 f3+ 47. Kg1 Qh5 48. Re1 Rf8 49. Re7 g3 50. Qg6 Qh2+ 0-1

[Event "Queenstown op"]
[Site "Queenstown"]
[Date "2006.01.16"]
[Round "2"]
[White "Setiawan, Akwie"]
[Black "Lane, Nancy"]
[Result "1-0"]
[WhiteElo "2226"]
[BlackElo "1978"]
[PlyCount "75"]
[EventDate "2006.01.15"]
[EventType "swiss"]
[EventRounds "10"]
[EventCountry "NZL"]
[SourceTitle "CBM 110 Extra"]
[Source "ChessBase"]
[SourceDate "2006.03.10"]
[SourceVersion "2"]
[SourceVersionDate "2006.03.10"]
[SourceQuality "1"]

1. c4 Nc6 2. g3 e5 3. Bg2 d6 4. e3 g6 5. Ne2 Bg7 6. 0-0 h5 7. d4 exd4 8. exd4 h4 9. Nbc3 hxg3 10. fxg3 Bg4 11. Rf4 Qd7 12. Qf1 Bf5 13. Nd5 0-0-0 14. Qf3 Re8 15. g4 Qe6 16. Ndc3 Bc2 17. d5 Ne5 18. dxe6 Nxf3+ 19. Rxf3 fxe6 20. Be3 Nf6 21. h3 a6 22. Rc1 Bd3 23. Bg5 Bxe2 24. Nxe2 Ne4 25. Be3 Bxb2 26. Rc2 Be5 27. Rf7 Nc5 28. Nd4 Rhf8 29. Rcf2 Rh8 30. Nf3 Bg3 31. Rb2 Ref8 32. Rxf8+ Rxf8 33. Bxc5 dxc5 34. Ng5 b6 35. Nxe6 Re8 36. Re2 Kd7 37. Nxc5+ bxc5 38. Bc6+ 1-0

[Event "Singapore op"]
[Site "Singapore"]
[Date "2004.12.12"]
[Round "2"]
[White "Shen, Siyuan"]
[Black "Setiawan, Akwie"]
[Result "1-0"]
[WhiteElo "2129"]
[BlackElo "2275"]
[PlyCount "67"]
[EventDate "2004.12.11"]
[EventType "swiss"]
[EventRounds "9"]
[EventCountry "SIN"]
[SourceTitle "CBM 103 Extra"]
[Source "ChessBase"]
[SourceDate "2005.01.01"]
[SourceVersion "1"]
[SourceVersionDate "2005.01.01"]
[SourceQuality "1"]

1. Nf3 e6 2. c4 d5 3. b3 Nf6 4. Bb2 Be7 5. g3 Nbd7 6. Bg2 0-0 7. 0-0 c5 8. d3 Rb8 9. Nbd2 d4 10. e4 e5 11. h3 Qc7 12. Bc1 Re8 13. Nh4 g6 14. Ndf3 Nh5 15. Bd2 Qd8 16. Qc1 Nf8 17. Ng5 Bd7 18. a4 f6 19. Ngf3 Ng7 20. Bh6 Qc8 21. g4 Nfe6 22. Re1 Nf4 23. Bxf4 exf4 24. Bh1 Bxg4 25. hxg4 Qxg4+ 26. Kh2 g5 27. Nf5 Nxf5 28. exf5 Qxf5 29. Qd2 Bd6 30. Rxe8+ Rxe8 31. Re1 Rf8 32. Qe2 Kf7 33. Qe4 Kg6 34. Nh4+ 1-0